Posmodernismo

Uloženo v:
Podrobná bibliografie
Hlavní autor: Jameson, Fredric (autor)
Médium: Kniha
Jazyk:španělština
Vydáno: Buenos Aires La Marca 2012
Témata:
Tagy: Přidat tag
Žádné tagy, Buďte první, kdo vytvoří štítek k tomuto záznamu!

MARC

LEADER 00000cam a2200000 a 4500
001 UCF5562
003 CL-VaPUC
008 130318e20120000AG |||||||||||||||||spa|d
020 |a 9789508892348 
082 0 4 |a 306  |b JAM  |2 21 
100 |a Jameson, Fredric  |e autor  |9 611668 
245 1 0 |a Posmodernismo 
300 |a v 
942 |c BK 
945 |d 20130318 00:00:00  |a dcastane 
260 |a Buenos Aires  |b La Marca  |c 2012 
500 |a v.1: la lógica cultural del capitalismo avanzado 
650 0 |a Posmodernidad  |9 325588 
650 0 |a Antropología cultural   |9 269905 
650 0 |a Filosofía social  |9 268191 
583 |a last modification  |c 20180516 04:30:22  |k Rodrigo Vera 
999 |c 351060  |d 351058 
952 |0 0  |1 0  |4 0  |6 306_000000000000000_JAM_2012  |7 0  |8 A  |9 454935  |a BIBART  |b BIBART  |d 2019-11-22  |h v.1  |i 4954165  |o 306 JAM 2012  |p 4954165  |r 2025-03-13  |w 2019-11-22  |y BK  |k ART 
952 |0 0  |1 0  |3 erb  |4 0  |6 306_000000000000000_JAM_2012  |7 0  |8 A  |9 454936  |a FDOPOS  |b BIBEDU  |h v.1  |i 5287324  |l 1  |o 306 JAM 2012  |p 5287324  |r 2023-08-09  |s 2022-05-19  |w 2019-11-22  |y BK  |z Catalogado en:20160520  |k MLH 
952 |0 0  |1 0  |3 erb  |4 0  |6 306_000000000000000_JAM_2012  |7 0  |8 A  |9 454937  |a FDOPOS  |b FDOPOS  |h v.2  |i 5287332  |o 306 JAM 2012  |p 5287332  |r 2023-08-09  |w 2019-11-22  |y BK  |z Catalogado en:20160520  |k MLH 
952 |0 0  |1 0  |3 erb  |4 0  |6 306_000000000000000_JAM_2012  |7 0  |8 A  |9 454938  |a FDOPOS  |b FDOPOS  |h v.3  |i 5287340  |o 306 JAM 2012  |p 5287340  |r 2023-08-09  |w 2019-11-22  |y BK  |z Catalogado en:20160520  |k MLH 
952 |0 0  |1 0  |3 erb  |4 0  |6 306_000000000000000_JAM_2012  |7 0  |8 A  |9 454939  |a BIBEDU  |b BIBEDU  |h v.1  |i 5377048  |o 306 JAM 2012  |p 5377048  |r 2019-11-22  |w 2019-11-22  |y BK  |z Catalogado en:20170519  |k FIL